| Tag |
First Indicator |
Second Indicator |
Subfields |
| LEADER |
00000cam a2200000 4500 |
| 001 |
in00000053622 |
| 005 |
20151008050322.0 |
| 008 |
780202s1955 flu b 00000 eng u |
| 010 |
|
|
|a a 55009844
|
| 035 |
|
|
|a (OCoLC)03599849
|
| 035 |
|
|
|9 AAG0424AM
|
| 040 |
|
|
|c CPU
|d TXA
|d UtOrBLW
|
| 049 |
|
|
|a TXAM
|c [255101]
|
| 090 |
|
|
|a PN4781
|b .K63 1955
|
| 092 |
|
|
|a 071
|b K75p
|
| 100 |
1 |
|
|a Kobre, Sidney,
|d 1907-
|
| 245 |
1 |
0 |
|a Psychology and the news /
|c by Sidney Kobre and Juanita Parks.
|
| 264 |
|
1 |
|a Tallahassee :
|b Bureau of Media Research & Services, School of Journalism, Florida State University,
|c [1955]
|
| 264 |
|
4 |
|c [©1955]
|
| 300 |
|
|
|a 174 pages :
|b illustrations ;
|c 28 cm.
|
| 336 |
|
|
|a text
|b txt
|2 rdacontent
|
| 337 |
|
|
|a unmediated
|b n
|2 rdamedia
|
| 338 |
|
|
|a volume
|b nc
|2 rdacarrier
|
| 504 |
|
|
|a "Background books": pages 170-174.
|
| 650 |
|
0 |
|a Journalism
|z United States.
|
| 700 |
1 |
|
|a Parks, Juanita.
|
| 999 |
|
|
|a MARS
|
| 999 |
f |
f |
|s 8e700932-3818-3f41-81b1-f78d5096588c
|i 75543c13-9348-3294-a655-b6e7950f2f71
|t 0
|
| 952 |
f |
f |
|p ric
|a Texas A&M University
|b Rellis Campus
|c Joint Library Facility
|d Remote Storage
|t 0
|e PN4781 .K63 1955
|h Library of Congress classification
|i unmediated -- volume
|m A14800502106
|
| 998 |
f |
f |
|a PN4781 .K63 1955
|t 0
|l Remote Storage
|